00295nam a2200109Ia 4500008004000000082001600040100002400056245005400080260003100134300001000165650001000175210210b1974 xxu||||| |||| 00| 0 eng d a820.12 ISLR aISLAM (Kazi Nazrul) aRebel and other poems. tr by Basudha Chakravarthy aN DbSahitya Akademic1974 avi,98 aPoems